000
00299nam a2200121 a 4500
008
100910s1986|||| d
100
1
_a
Dumas ml., Alexandre
245
1
0
_a
Dáma s kaméliami
020
_c
18
260
_b
Slovenský spisovateľ
_a
Bratislava
_c
1986
044
_a
xo
_c
SK
041
_a
slo
999
_c
10254
_d
10254